Eiserne Jugend (Record no. 5380)

MARC details
000 -CABECERA
campo de control de longitud fija 00578nam a2200205 a 4500
001 - NÚMERO DE CONTROL
campo de control BRCA_5687
005 - FECHA Y HORA DE LA ÚLTIMA TRANSACCIÓN
campo de control 20190320205200.0
008 - DATOS DE LONGITUD FIJA--INFORMACIÓN GENERAL
campo de control de longitud fija 020311s1921----gw-#######---#000-0#ger-#
041 ## - CÓDIGO DE LENGUA
Código de lengua del texto/banda sonora o título independiente ger
044 ## - CÓDIGO DEL PAÍS DE LA ENTIDAD EDITORA/PRODUCTORA
Código MARC del país gw
050 #4 - SIGNATURA TOPOGRÁFICA DE LA BIBLIOTECA DEL CONGRESO
Número de clasificación PT2638
Número de documento/Ítem .S37 1921
100 1# - ENTRADA PRINCIPAL--NOMBRE DE PERSONA
Nombre de persona Schreckenbach, Paul
9 (RLIN) 14447
245 10 - MENCIÓN DE TÍTULO
Título Eiserne Jugend
Resto del título ein Burschenschaftsroman aus Jena
Mención de responsabilidad, etc. von Paul Schreckenbach.
260 ## - PUBLICACIÓN, DISTRIBUCIÓN, ETC.
Lugar de publicación, distribución, etc. Leipzig
Nombre del editor, distribuidor, etc. L. Gtaadmann
Fecha de publicación, distribución, etc. 1921
300 ## - DESCRIPCIÓN FÍSICA
Extensión 1 v. (sin paginación)
Dimensiones 18 cm.
Material acompañante/anejo un folleto
500 ## - NOTA GENERAL
Nota general H8
651 #4 - PUNTO DE ACCESO ADICIONAL DE MATERIA--NOMBRE GEOGRÁFICO
Nombre geográfico Jena (Alemania)
Subdivisión general Historia
9 (RLIN) 14448
902 ## - CATALOGADOR
Iniciales GFM
942 ## - ELEMENTOS DE PUNTO DE ACCESO ADICIONAL (KOHA)
Fuente del sistema de clasificación o colocación Library of Congress Classification
Tipo de ítem Koha Libros
Holdings
Estado de retiro Estado de pérdida Estado dañado No para préstamo Localización permanente Ubicación/localización actual Fecha de adquisición Número de inventario Total de préstamos Signatura topográfica completa Código de barras Fecha visto por última vez Precio válido a partir de Tipo de ítem Koha
El ejemplar forma parte de la colección y puede ser consultado según las políticas vigentes.       Biblioteca del Museo Franz Mayer (Rogerio Casas-Alatriste) Biblioteca del Museo Franz Mayer (Rogerio Casas-Alatriste) 02/03/2011 H8   PT2638 .S37 1921 (H8) 6123 22/03/2019 22/03/2019 Libros